[Event "Santa Eugenia op 10th"]
[Site "Santa Eugenia"]
[Date "2015.??.??"]
[Round "3"]
[White "Alejo Alvarez, Ricardo"]
[Black "Salomon, Emmanuel Yves"]
[Result "1-0"]
[WhiteElo "2120"]
[BlackElo "1937"]
[PlyCount "31"]
[EventDate "2015.04.17"]
[EventType "swiss"]
[EventRounds "9"]
[EventCountry "ESP"]
[SourceTitle "EXT 2016"]
[Source "ChessBase"]
[SourceDate "2015.10.08"]
[SourceVersion "1"]
[SourceVersionDate "2015.10.08"]
[SourceQuality "1"]

1. e4 c5 2. Nf3 g6 3. d4 cxd4 4. Qxd4 Nf6 5. Nc3 Nc6 6. Qa4 Bg7 7. e5 Ng8 8. Bf4 f6 9. Bc4 fxe5 10. Ng5 Nh6 11. 0-0-0 Nd4 12. Rxd4 exd4 13. Ne6 Qb6 14. Nd5 Qc6 15. Ndc7+ Kf7 16. Nd8+ 1-0

[Event "Girona Territorial-ch"]
[Site "Girona"]
[Date "2013.11.24"]
[Round "8"]
[White "Alejo Alvarez, Ricardo"]
[Black "Pruja Ramirez de Cartagena, Eduardo"]
[Result "0-1"]
[WhiteElo "2005"]
[BlackElo "1811"]
[PlyCount "86"]
[EventDate "2013.09.22"]
[EventType "swiss"]
[EventRounds "9"]
[EventCountry "ESP"]
[SourceTitle "EXT 2015"]
[Source "ChessBase"]
[SourceDate "2014.11.20"]
[SourceVersion "1"]
[SourceVersionDate "2014.11.20"]
[SourceQuality "1"]

1. b3 d5 2. Bb2 Nf6 3. e3 e6 4. f4 Be7 5. Nf3 b6 6. Be2 Bb7 7. 0-0 0-0 8. Ne5 c5 9. d4 Nc6 10. Nd2 Qc7 11. Nxc6 Bxc6 12. a4 Rac8 13. Rc1 Rfd8 14. Ba6 Bb7 15. Bxb7 Qxb7 16. Qe2 Qc6 17. c3 Ne4 18. Nxe4 dxe4 19. f5 Bf6 20. Qg4 exf5 21. Qxf5 Qd5 22. Qxd5 Rxd5 23. Rf4 Bg5 24. Rxe4 f5 25. Re6 Kf7 26. c4 Rxd4 27. Re5 Rd2 28. Bc3 Rd3 29. Kf2 Bf6 30. Rxf5 Kg6 31. Bxf6 Kxf5 32. Bxg7 Rxb3 33. h3 Rd8 34. g4+ Ke4 35. Bh6 Rd2+ 36. Kg3 Rb4 37. a5 bxa5 38. h4 Rd3 39. h5 a4 40. Bf4 a3 41. Bh6 a2 42. Rf1 Rb1 43. Rf4+ Kxe3 0-1

[Event "Girona op-A 4th"]
[Site "Girona"]
[Date "2013.07.20"]
[Round "6"]
[White "Gurri Mancera, Ferran"]
[Black "Alejo Alvarez, Ricardo"]
[Result "1-0"]
[WhiteElo "2052"]
[BlackElo "2023"]
[PlyCount "79"]
[EventDate "2013.07.15"]
[EventType "swiss"]
[EventRounds "9"]
[EventCountry "ESP"]
[SourceTitle "CBM 155 Extra"]
[Source "ChessBase"]
[SourceDate "2013.08.26"]
[SourceVersion "1"]
[SourceVersionDate "2013.08.26"]
[SourceQuality "1"]

1. d4 Nf6 2. c4 e6 3. Nc3 d5 4. cxd5 exd5 5. Bg5 Nbd7 6. e3 h6 7. Bh4 Bb4 8. Bd3 0-0 9. Nge2 c6 10. 0-0 Re8 11. a3 Bd6 12. h3 Be7 13. Rc1 Ne4 14. Bxe7 Qxe7 15. Bxe4 dxe4 16. d5 Qg5 17. Ng3 cxd5 18. Qxd5 Re5 19. Qd4 f5 20. Nce2 Qe7 21. Rc7 Rc5 22. Nxf5 Rxf5 23. Qc4+ Kh7 24. Rxc8 Rxc8 25. Qxc8 Rb5 26. b4 Nb6 27. Qc2 Kh8 28. Nc3 Re5 29. Rd1 Qc7 30. Qb3 Nd7 31. Nxe4 Rxe4 32. Qf7 Rc4 33. Qxd7 Qb6 34. Qd8+ Qxd8 35. Rxd8+ Kh7 36. Rd7 Rc3 37. a4 a5 38. bxa5 Rc5 39. Rxb7 Rxa5 40. Rb4 1-0

[Event "Girona op-A 4th"]
[Site "Girona"]
[Date "2013.07.18"]
[Round "4"]
[White "Aymerich Verdaguer, Eduard"]
[Black "Alejo Alvarez, Ricardo"]
[Result "1-0"]
[WhiteElo "1943"]
[BlackElo "2023"]
[PlyCount "133"]
[EventDate "2013.07.15"]
[EventType "swiss"]
[EventRounds "9"]
[EventCountry "ESP"]
[SourceTitle "CBM 155 Extra"]
[Source "ChessBase"]
[SourceDate "2013.08.26"]
[SourceVersion "1"]
[SourceVersionDate "2013.08.26"]
[SourceQuality "1"]

1. Nf3 Nf6 2. c4 g6 3. g3 Bg7 4. Nc3 d5 5. cxd5 Nxd5 6. Bg2 Nxc3 7. bxc3 0-0 8. d4 c5 9. 0-0 Nc6 10. e3 Qa5 11. Bd2 Bf5 12. Qb3 Be4 13. Rfd1 e6 14. Rac1 Qb6 15. Qa3 c4 16. Ng5 Bxg2 17. Kxg2 Qa5 18. Qxa5 Nxa5 19. e4 Rfd8 20. Rb1 h6 21. Nf3 Rd7 22. Be3 Rad8 23. Rb5 b6 24. e5 Rd5 25. Rdb1 Rxb5 26. Rxb5 Rd5 27. Rb1 Kf8 28. Nd2 Rd7 29. Rb4 Rc7 30. Ne4 Ke7 31. Bc1 Kd7 32. Ra4 Bf8 33. Nf6+ Kc6 34. Ba3 Bxa3 35. Rxa3 Kb5 36. Ne4 Kc6 37. Nd6 Kd5 38. Ra4 Rd7 39. Rb4 Rc7 40. f4 Nb7 41. Nb5 Rc8 42. Kf3 a6 43. Na3 b5 44. Nc2 Kc6 45. a4 Na5 46. axb5+ axb5 47. d5+ exd5 48. Nd4+ Kd7 49. Rxb5 Nb3 50. Rxd5+ Ke7 51. Ke3 Nc5 52. g4 Nd7 53. Nb5 Nb6 54. Rd6 Na4 55. Kd4 Rc5 56. Ra6 Rxb5 57. Rxa4 Rb2 58. Rxc4 Rxh2 59. f5 Rh4 60. Kd5 gxf5 61. gxf5 Rh1 62. Rc7+ Ke8 63. c4 h5 64. f6 Rd1+ 65. Kc6 h4 66. Rb7 h3 67. Rb2 1-0

[Event "Girona op-A 4th"]
[Site "Girona"]
[Date "2013.07.17"]
[Round "3"]
[White "Alejo Alvarez, Ricardo"]
[Black "Molina Carretero, Daniel"]
[Result "1-0"]
[WhiteElo "2023"]
[BlackElo "1798"]
[PlyCount "77"]
[EventDate "2013.07.15"]
[EventType "swiss"]
[EventRounds "9"]
[EventCountry "ESP"]
[SourceTitle "CBM 155 Extra"]
[Source "ChessBase"]
[SourceDate "2013.08.26"]
[SourceVersion "1"]
[SourceVersionDate "2013.08.26"]
[SourceQuality "1"]

1. d4 d5 2. Nf3 Nf6 3. c4 e6 4. Nc3 c6 5. e3 Nbd7 6. Bd3 dxc4 7. Bxc4 b5 8. Bd3 Bb7 9. 0-0 a6 10. Qe2 c5 11. Rd1 cxd4 12. Nxd4 Bd6 13. e4 0-0 14. Bg5 Qb8 15. h3 Bc5 16. Nf3 Bc6 17. Rac1 b4 18. Bxf6 gxf6 19. Nd5 exd5 20. exd5 Bb5 21. Bxh7+ Kg7 22. Qe4 Rh8 23. Bf5 Qb6 24. Qg4+ Kf8 25. Bxd7 Rg8 26. Qf5 Be2 27. Rd2 Bxf2+ 28. Kh1 Bxf3 29. Qxf3 Bg3 30. Rc6 Qd8 31. Bg4 Be5 32. d6 Qa5 33. d7 b3 34. Rc8+ Kg7 35. Qxa8 Qxd2 36. Rxg8+ Kh6 37. Rh8+ Kg5 38. Rh5+ Kf4 39. Qf3# 1-0

[Event "Girona op-A 3rd"]
[Site "Girona"]
[Date "2012.07.21"]
[Round "6"]
[White "Alejo Alvarez, Ricardo"]
[Black "Vilar Lopez, Monica"]
[Result "1/2-1/2"]
[WhiteElo "1968"]
[BlackElo "2154"]
[PlyCount "43"]
[EventDate "2012.07.16"]
[EventType "swiss"]
[EventRounds "9"]
[EventCountry "ESP"]
[SourceTitle "CBM 149 Extra"]
[Source "ChessBase"]
[SourceDate "2012.08.24"]
[SourceVersion "1"]
[SourceVersionDate "2012.08.24"]
[SourceQuality "1"]

1. b3 e5 2. Bb2 Nc6 3. e3 d5 4. Bb5 Bd6 5. f4 Qh4+ 6. g3 Qe7 7. Nf3 f6 8. fxe5 fxe5 9. Nxe5 Bxe5 10. Bxc6+ Kd8 11. d4 Bxg3+ 12. Kd2 Bf2 13. Qe2 Bxe3+ 14. Qxe3 Qxe3+ 15. Kxe3 bxc6 16. Rg1 g6 17. Nd2 Nf6 18. Nf3 Ng4+ 19. Kf4 Rf8+ 20. Kg3 Bf5 21. Ba3 Re8 22. Rae1 1/2-1/2

[Event "Girona op-A 3rd"]
[Site "Girona"]
[Date "2012.07.19"]
[Round "4"]
[White "Mundet Riera, Jaume"]
[Black "Alejo Alvarez, Ricardo"]
[Result "0-1"]
[WhiteElo "2170"]
[BlackElo "1968"]
[PlyCount "116"]
[EventDate "2012.07.16"]
[EventType "swiss"]
[EventRounds "9"]
[EventCountry "ESP"]
[SourceTitle "CBM 149 Extra"]
[Source "ChessBase"]
[SourceDate "2012.08.24"]
[SourceVersion "1"]
[SourceVersionDate "2012.08.24"]
[SourceQuality "1"]

1. e4 e5 2. Nf3 Nf6 3. d4 Nxe4 4. Bd3 d5 5. Nxe5 Be6 6. 0-0 Bd6 7. c4 Bxe5 8. dxe5 Nc5 9. Qe2 Nxd3 10. Qxd3 dxc4 11. Qg3 Rg8 12. Nc3 Qd3 13. Qh4 Nc6 14. Rd1 Qf5 15. f4 a6 16. Be3 Nb4 17. Bc5 g5 18. fxg5 Nd3 19. Rxd3 cxd3 20. g6 f6 21. gxh7 Rh8 22. Rf1 Qxh7 23. Qxh7 Rxh7 24. exf6 0-0-0 25. Be7 Rd4 26. h3 b5 27. b3 Bf7 28. Bc5 Rd7 29. Be7 Rh4 30. Kh2 b4 31. Nd1 Re4 32. Nf2 Re2 33. Bxb4 Bd5 34. g4 c5 35. Bxc5 Rc7 36. b4 d2 37. Kg1 Bc4 38. Rd1 Bxa2 39. g5 Bb3 40. Rxd2 Rxd2 41. g6 a5 42. Ne4 Rd1+ 43. Kf2 a4 44. Nd6+ Rxd6 45. Bxd6 Rd7 46. Be5 a3 47. h4 a2 48. h5 Bf7 49. Kf3 Kd8 50. Kf4 Ke8 51. Bb2 Rd2 52. Be5 Rd1 53. b5 a1Q 54. Bxa1 Rxa1 55. Kg5 Kf8 56. Kh6 Bg8 57. b6 Rb1 58. f7 Bxf7 0-1

[Event "Llinars del Valles op-A 6th"]
[Site "Llinars del Valles"]
[Date "2012.05.26"]
[Round "7"]
[White "Camus, Adrian Hugo"]
[Black "Alejo Alvarez, Ricardo"]
[Result "1-0"]
[WhiteElo "1909"]
[BlackElo "1979"]
[PlyCount "103"]
[EventDate "2012.04.14"]
[EventType "swiss"]
[EventRounds "9"]
[EventCountry "ESP"]
[SourceTitle "EXT 2013"]
[Source "ChessBase"]
[SourceDate "2012.11.22"]
[SourceVersion "1"]
[SourceVersionDate "2012.11.22"]
[SourceQuality "1"]

1. d4 Nf6 2. c4 g6 3. Nc3 d5 4. cxd5 Nxd5 5. e4 Nxc3 6. bxc3 Bg7 7. Rb1 c5 8. Nf3 0-0 9. Bc4 cxd4 10. cxd4 Nc6 11. e5 Bg4 12. Be3 Qa5+ 13. Qd2 Bxf3 14. gxf3 Qxd2+ 15. Kxd2 Rfd8 16. e6 Nxd4 17. exf7+ Kf8 18. Rxb7 Nf5+ 19. Bd3 Kxf7 20. Rc1 Nd6 21. Rb4 Rd7 22. Ke2 a5 23. Ra4 Nf5 24. Bb6 Rb8 25. Bc4+ e6 26. Bxa5 Nd4+ 27. Kf1 Nxf3 28. Bb3 g5 29. Kg2 Nh4+ 30. Kf1 Nf3 31. h3 Rbb7 32. Kg2 Nh4+ 33. Kg1 Be5 34. Re4 Rb5 35. Be1 Rb6 36. f4 Nf3+ 37. Kf2 Nxe1 38. Rcxe1 Bxf4 39. Bxe6+ Rxe6 40. Rxe6 Rd2+ 41. R1e2 Rd3 42. Re7+ Kf6 43. R2e6+ Kf5 44. Rh6 Rd2+ 45. Re2 Rd7 46. a4 Ra7 47. Ra2 g4 48. Rh5+ Ke4 49. hxg4 Rg7 50. Re2+ Kd3 51. Kf3 Rf7 52. Rf5 1-0

[Event "Llinars del Valles op-A 6th"]
[Site "Llinars del Valles"]
[Date "2012.05.12"]
[Round "5"]
[White "Ventura Bolet, Maxim"]
[Black "Alejo Alvarez, Ricardo"]
[Result "0-1"]
[WhiteElo "1946"]
[BlackElo "1979"]
[PlyCount "78"]
[EventDate "2012.04.14"]
[EventType "swiss"]
[EventRounds "9"]
[EventCountry "ESP"]
[SourceTitle "EXT 2013"]
[Source "ChessBase"]
[SourceDate "2012.11.22"]
[SourceVersion "1"]
[SourceVersionDate "2012.11.22"]
[SourceQuality "1"]

1. c4 g6 2. g3 Bg7 3. Bg2 c5 4. Nc3 Nc6 5. Nf3 e6 6. 0-0 Nge7 7. a3 0-0 8. Rb1 d5 9. cxd5 Nxd5 10. Nxd5 Qxd5 11. d3 Qd6 12. Be3 Rd8 13. Nd2 b6 14. b4 cxb4 15. axb4 Bb7 16. Nc4 Qe7 17. Qd2 Nd4 18. Bxb7 Qxb7 19. Rfc1 Rac8 20. Qa2 h6 21. h4 Nb5 22. Qd2 Kh7 23. Bf4 Qd5 24. Ne3 Qd4 25. Ng4 Nc3 26. Rb3 g5 27. hxg5 hxg5 28. Bxg5 Qxg4 29. Rbxc3 Bxc3 30. Rxc3 Rxc3 31. Bxd8 Rc8 32. Bf6 Qf5 33. Ba1 f6 34. Bc3 Kg6 35. e4 Qf3 36. Bxf6 Kxf6 37. Qh6+ Ke7 38. Qg7+ Qf7 39. Qg5+ Qf6 0-1

[Event "Llinars del Valles op-A 6th"]
[Site "Llinars del Valles"]
[Date "2012.04.21"]
[Round "2"]
[White "Alejo Alvarez, Ricardo"]
[Black "Perales Galindo, Eduard"]
[Result "0-1"]
[WhiteElo "1979"]
[BlackElo "2265"]
[PlyCount "52"]
[EventDate "2012.04.14"]
[EventType "swiss"]
[EventRounds "9"]
[EventCountry "ESP"]
[SourceTitle "EXT 2013"]
[Source "ChessBase"]
[SourceDate "2012.11.22"]
[SourceVersion "1"]
[SourceVersionDate "2012.11.22"]
[SourceQuality "1"]

1. b3 e5 2. Bb2 Nc6 3. e3 Nf6 4. c4 Be7 5. a3 d5 6. cxd5 Nxd5 7. Bb5 Qd6 8. Nf3 e4 9. Nd4 0-0 10. Bxc6 bxc6 11. Qc2 c5 12. Ne2 Ba6 13. Qxe4 Bf6 14. Nbc3 Nxc3 15. Bxc3 Rab8 16. b4 Bxc3 17. dxc3 Rfd8 18. Qc2 Bd3 19. Qd2 Qa6 20. f3 Bc4 21. Qb2 Rd3 22. Kf2 Rbd8 23. Rhc1 Qh6 24. f4 Qh4+ 25. Kg1 Rd2 26. g3 Qe7 0-1

[Event "Girona-ch"]
[Site "Girona"]
[Date "2012.01.13"]
[Round "1"]
[White "Alejo Alvarez, Ricardo"]
[Black "Bonell Gleich, Xavier"]
[Result "0-1"]
[WhiteElo "1974"]
[BlackElo "1621"]
[PlyCount "48"]
[EventDate "2012.01.13"]
[EventType "swiss"]
[EventRounds "9"]
[EventCountry "ESP"]
[SourceTitle "EXT 2013"]
[Source "ChessBase"]
[SourceDate "2012.11.22"]
[SourceVersion "1"]
[SourceVersionDate "2012.11.22"]
[SourceQuality "1"]

1. Nf3 e6 2. c4 b6 3. g3 Bb7 4. Bg2 Nf6 5. Nc3 Be7 6. d4 0-0 7. 0-0 d5 8. Ne5 c5 9. e3 cxd4 10. exd4 Qc8 11. cxd5 Nxd5 12. Qf3 Nd7 13. Bd2 Bf6 14. Rfe1 Rb8 15. Qg4 Nxc3 16. bxc3 Bxg2 17. Kxg2 g6 18. Qf3 Nxe5 19. dxe5 Bg7 20. Bg5 Qb7 21. Re4 Rbc8 22. Rae1 Rc7 23. h4 Rfc8 24. R1e3 Rc4 0-1

[Event "Girona Provincial-ch"]
[Site "Girona"]
[Date "2011.11.13"]
[Round "6"]
[White "Salagran Ferragut, Guillem"]
[Black "Alejo Alvarez, Ricardo"]
[Result "1/2-1/2"]
[WhiteElo "1825"]
[BlackElo "1999"]
[PlyCount "84"]
[EventDate "2011.10.09"]
[EventType "swiss"]
[EventRounds "9"]
[EventCountry "ESP"]
[SourceTitle "EXT 2013"]
[Source "ChessBase"]
[SourceDate "2012.11.22"]
[SourceVersion "1"]
[SourceVersionDate "2012.11.22"]
[SourceQuality "1"]

1. e4 e5 2. Nf3 Nc6 3. Bb5 a6 4. Ba4 Nf6 5. d3 b5 6. Bb3 Be7 7. 0-0 d6 8. c3 Na5 9. Bc2 c5 10. d4 Qc7 11. h3 cxd4 12. cxd4 exd4 13. Nxd4 0-0 14. Nc3 Nc6 15. a3 Nxd4 16. Qxd4 Be6 17. Be3 Nd7 18. Rfd1 Rfd8 19. Rac1 Nc5 20. f4 Rac8 21. b4 Bf6 22. e5 Nb3 23. Qe4 Qxc3 24. exf6 g6 25. Bxb3 Qxb3 26. Qd3 Qb2 27. Rxc8 Bxc8 28. Bd4 Qa2 29. Rc1 Bb7 30. Rc2 Qb1+ 31. Kh2 Re8 32. Re2 Rxe2 33. Qxe2 Qe4 34. Qxe4 Bxe4 35. g4 Kf8 36. Kg3 Ke8 37. Kf2 Kd7 38. Ke3 Bg2 39. h4 Bh3 40. g5 Ke6 41. Bb6 Kd5 42. Bc7 Bf5 1/2-1/2

[Event "Llinars del Valles op-A 4th"]
[Site "Llinars del Valles"]
[Date "2010.05.01"]
[Round "4"]
[White "Alejo Alvarez, Ricardo"]
[Black "Prats Fumado, Gerard"]
[Result "1/2-1/2"]
[WhiteElo "1915"]
[BlackElo "1866"]
[PlyCount "52"]
[EventDate "2010.04.10"]
[EventType "swiss"]
[EventRounds "7"]
[EventCountry "ESP"]
[SourceTitle "EXT 2012"]
[Source "ChessBase"]
[SourceDate "2011.11.24"]
[SourceVersion "1"]
[SourceVersionDate "2011.11.24"]
[SourceQuality "1"]

1. d4 Nf6 2. c4 c5 3. e3 e6 4. Nf3 b6 5. Ne5 Bb7 6. Nd2 d6 7. Nef3 g6 8. Bd3 Bg7 9. b3 Nc6 10. Bb2 0-0 11. a3 Re8 12. 0-0 e5 13. d5 Ne7 14. e4 Nh5 15. g3 Bc8 16. Re1 Bg4 17. Be2 h6 18. Nh4 Bxe2 19. Qxe2 Kh7 20. Nf1 Rf8 21. Ne3 Qe8 22. Qg4 Nf6 23. Qf3 Qd7 24. Rad1 Rab8 25. a4 a6 26. Ra1 Rb7 1/2-1/2

[Event "Girona Province-chA"]
[Site "Figueres"]
[Date "2009.11.15"]
[Round "7"]
[White "Trias Punset, Carles"]
[Black "Alejo Alvarez, Ricardo"]
[Result "0-1"]
[WhiteElo "1776"]
[BlackElo "1924"]
[PlyCount "94"]
[EventDate "2009.10.04"]
[EventType "swiss"]
[EventRounds "8"]
[EventCountry "ESP"]
[SourceTitle "EXT 2019"]
[Source "ChessBase"]
[SourceDate "2018.10.10"]
[SourceVersion "1"]
[SourceVersionDate "2018.10.10"]
[SourceQuality "1"]

1. d4 d5 2. Nf3 c6 3. g3 Nf6 4. Bg2 g6 5. c3 Bg7 6. 0-0 0-0 7. Qb3 Nbd7 8. Bf4 Nh5 9. Bc1 Qc7 10. Nbd2 e5 11. dxe5 Nxe5 12. Nxe5 Qxe5 13. e3 Qc7 14. Nf3 Bg4 15. Nd4 Qd7 16. Bf3 Bxf3 17. Nxf3 Qg4 18. Qd1 Nf6 19. Nd4 Qh3 20. Qf3 Nd7 21. Qg2 Qh5 22. Qf3 Qe5 23. Ne2 a5 24. Qf4 Qh5 25. g4 Qh4 26. Qg3 Qe7 27. h3 Nc5 28. Nd4 Ne4 29. Qg2 c5 30. Ne2 f5 31. f3 Nd6 32. g5 Nc4 33. h4 Nxe3 34. Bxe3 Qxe3+ 35. Kh1 Rfe8 36. Rae1 f4 37. Qf2 Qd2 38. Qg2 d4 39. Ng1 dxc3 40. Rxe8+ Rxe8 41. Qxd2 cxd2 42. Rd1 Rd8 43. b3 Rd3 44. Kg2 Bd4 45. Ne2 Be3 46. Kh3 b5 47. Kg4 Kf7 0-1

[Event "Girona Province-chA"]
[Site "Figueres"]
[Date "2009.10.25"]
[Round "4"]
[White "Alejo Alvarez, Ricardo"]
[Black "Garcia Castany Musellas, Gal La"]
[Result "0-1"]
[WhiteElo "1924"]
[BlackElo "1712"]
[PlyCount "70"]
[EventDate "2009.10.04"]
[EventType "swiss"]
[EventRounds "8"]
[EventCountry "ESP"]
[SourceTitle "EXT 2019"]
[Source "ChessBase"]
[SourceDate "2018.10.10"]
[SourceVersion "1"]
[SourceVersionDate "2018.10.10"]
[SourceQuality "1"]

1. e4 e5 2. f4 exf4 3. Nf3 d6 4. Bc4 h6 5. d4 g5 6. h4 Bg7 7. Nc3 Bg4 8. Qd3 Nd7 9. Ne2 Qf6 10. Bd2 Ne7 11. 0-0-0 Nc5 12. Qa3 Nxe4 13. hxg5 hxg5 14. Rxh8+ Bxh8 15. Ba5 0-0-0 16. Rd3 d5 17. Bb5 Bxf3 18. Rxf3 a6 19. Bb4 Nf5 20. Bd3 Re8 21. Qa4 Rg8 22. Be1 Nxd4 23. Nxd4 Qxd4 24. Qa3 Rd8 25. c3 Qc5 26. Qb3 f5 27. Qa4 d4 28. c4 Qc6 29. Qxc6 bxc6 30. Bb4 c5 31. Ba5 Be5 32. Be1 Rh8 33. Be2 Rh1 34. Kd1 g4 35. Ra3 g3 0-1